Sumario del Concilio Provincial, que se celebró en la ciudad de los Reyes, el año de mil y quinientos y sesenta y siete / (Record no. 157749)

MARC details
000 -LEADER
campo de control de longitud fija 00974nam a2200193 i 4500
001 - NÚMERO DE CONTROL
campo de control 157749
003 - IDENTIFICADOR DE NÚMERO DE CONTROL
campo de control ES-MaACL
005 - FECHA Y HORA DE LA ÚLTIMA TRANSACCIÓN
campo de control 20230906210833.0
008 - DATOS DE LONGITUD FIJA--INFORMACIÓN GENERAL
campo de control de longitud fija 050912s1614 sp |||| | spa d
245 00 - MENCIÓN DEL TÍTULO
Título Sumario del Concilio Provincial, que se celebró en la ciudad de los Reyes, el año de mil y quinientos y sesenta y siete /
Mención de responsabilidad, etc. fecho y sacado por orden y con auctoridad del ultimo concilio Provincial, que se celebró en la dicha Ciudad, este año de mil y quinientos y ochenta y tres.
260 ## - PUBLICACIÓN, DISTRIBUCIÓN, ETC.
Lugar de publicación, distribución, etc. En Seuilla :
Nombre del editor, distribuidor, etc. por Matias Clauijo,
Fecha de publicación, distribución, etc. 1614.
300 ## - DESCRIPCIÓN FÍSICA
Extensión [6], [2] en bl., 231 p. ;
Dimensiones 4º.
530 ## - NOTA DISPONIBLE DE FORMULARIO FÍSICO ADICIONAL
Nota de formato físico adicional disponible Disponible en formato digital.
597 ## - NOTA DE DESCRIPCIÓN FÍSICA
NOTA DE DESCRIPCIÓN FÍSICA Sign.: ¶\4, A-O8, P6.
597 ## - NOTA DE DESCRIPCIÓN FÍSICA
NOTA DE DESCRIPCIÓN FÍSICA Port. con grab. xil.
650 #4 - PUNTO DE ACCESO ADICIONAL DE MATERIA--TÉRMINO DE MATERIA
Término de materia o nombre geográfico como elemento de entrada Concilios y sínodos.
9 (RLIN) 135803
852 ## - LOCALIZACIÓN
Ubicación ES-MaACL
Número de control de estantería R-1452
Nota libre - Enc. piel marrón con hierros dorados
Encuadernación - Olim: G-14586
856 ## - LOCALIZACIÓN Y ACCESO ELECTRÓNICOS
Identificador Uniforme de Recursos <a href="https://bvpb.mcu.es/es/consulta/registro.do?id=577704 ">https://bvpb.mcu.es/es/consulta/registro.do?id=577704 </a>
Nota pública Biblioteca Virtual del Patrimonio Bibliográfico
Holdings
Estatus retirado Estado de pérdida Estado de daño No para préstamo Colección Biblioteca de origen Biblioteca actual Ubicación en estantería Fecha de adquisición Fuente de adquisición Total de préstamos Signatura topográfica completa Código de barras Visto por última vez Precio de reemplazo Tipo de ítem Koha
        Colección digital Biblioteca del Ateneo de Madrid Biblioteca del Ateneo de Madrid Depósito 17/01/2008     R-1452 1165082 23/02/2023 23/02/2023 Libro impreso antiguo